000
00215 a2200097 4500
001
41486
100
_a
Ahmad abdul samad farooqi
245
_a
F------Qur'an
260
_a
Bawalpour
_b
Raees
_c
090
_c
25647
_d
25647
942
_a
NUST-CAE
_c
M
_c
17388
999
_c
276559
_d
276559